000 00327nam a22001457a 4500
020 _a978-81-8360-141-2
041 _aENG
100 _aRothore .M.S
245 _aGeneral Agriculture
250 _a29 th
260 _aNew delhi
_bJain Brothers
_c2019-20
300 _a519
650 _aICAR -JRF
856 _uCompetitive Exam
999 _c149
_d149